banner koha

Funções de afilamento não segmentadas e segmentadas para Tectona grandis na região centro-sul matogrossense (Registro n. 249798)

MARC details
000 -LÍDER
campo de controle de tamanho fixo 00953nas a2200289 4500
001 - NÚMERO DE CONTROLE
campo de controle BR2016003362
003 - IDENTIFICADOR DO NÚMERO DE CONTROLE
campo de controle BR-BrBNA
005 - DATA E HORÁRIO DA ÚLTIMA TRANSAÇÃO
campo de controle 20231205130513.0
007 - CAMPO FIXO DE DESCRIÇÃO FÍSICA--INFORMAÇÃO GERAL
campo de controle de tamanho fixo ta
008 - CAMPO DE DADOS FIXOS--INFORMAÇÃO GERAL
campo de controle de tamanho fixo 230509b bl.|||p| |||| 00| 00por d
040 ## - FONTE DA CATALOGAÇÃO
Instituição da catalogação original BR-BrBNA
Idioma da catalogação por
Instituição que transcreveu o registro Biblioteca Nacional de Agricultura
041 ## - CÓDIGO DE IDIOMA
Código do idioma do texto/trilha sonora ou título diferente (Pt)
072 ## - CÓDIGO DE CATEGORIA DE ASSUNTO
Código de Categoria de Assunto U10; K10
100 1# - ENTRADA PRINCIPAL--NOME PESSOAL
Nome pessoal Favalessa, C.M.C.
100 1# - ENTRADA PRINCIPAL--NOME PESSOAL
Nome pessoal Ubialli, J.A.
100 1# - ENTRADA PRINCIPAL--NOME PESSOAL
Nome pessoal Caldeira, S.F.
100 1# - ENTRADA PRINCIPAL--NOME PESSOAL
Nome pessoal Drescher, R.
245 1# - TÍTULO
Título Funções de afilamento não segmentadas e segmentadas para Tectona grandis na região centro-sul matogrossense
650 ## - ASSUNTO--TERMO TÓPICO
Cabeçalho tópico ou nome geográfico TECTONA GRANDIS
650 ## - ASSUNTO--TERMO TÓPICO
Cabeçalho tópico ou nome geográfico TECA
650 ## - ASSUNTO--TERMO TÓPICO
Cabeçalho tópico ou nome geográfico DIÂMETRO
650 ## - ASSUNTO--TERMO TÓPICO
Cabeçalho tópico ou nome geográfico MODELO MATEMÁTICO
773 0# - ENTRADA ANALÍTICA
Título Pesquisa Florestal Brasileira (Brazil)
ISSN - International Standard Serial Number ISSN 1983-2605
Partes relacionadas (Oct-Dec 2012), v. 32(72) p. 373-387
Número de controle do registro BR2016003362
856 40 - LOCALIZAÇÃO ELETRÔNICA E ACESSO
Uniform Resource Identifier <a href="http://pfb.cnpf.embrapa.br/pfb/index.php/pfb/article/view/320">http://pfb.cnpf.embrapa.br/pfb/index.php/pfb/article/view/320</a>
909 ## -
-- 202311
-- Lúcia
-- 55
-- Lúcia Elande
942 ## - ELEMENTOS DE ENTRADA ADICIONADOS (KOHA)
Fonte da classificação ou esquema de arquivamento na estante Classificação AGRIS
Ocultar no OPAC Não
Tipo de material Koha Analítica
Exemplares
Situação do descarte Fonte da classificação ou esquema de arquivamento na estante Situação física Não pode ser emprestado Biblioteca de origem Biblioteca atual Localização na estante Enumeração do periódico / cronologia Total de empréstimos Data de último acesso Número do exemplar Tipo de material Koha Fonte de aquisição
  Classificação AGRIS   Consulta local Biblioteca Nacional de Agricultura - Binagri Biblioteca Nacional de Agricultura - Binagri   (Oct-Dec 2012), v. 32(72) p. 373-387   29/11/2023 01 Periódicos Portaria Interministerial nº 164/94

BINAGRI

Telefone: (61)3218-2567/2388/3357/2097 - binagri@agro.gov.br

Ministério da Agricultura e Pecuária , Esplanada dos Ministérios, Bloco D, Anexo B, Brasília/DF, CEP: 70.043-900